Le philosophe sans le savoir
Guardat en:
| Autor principal: | |
|---|---|
| Format: | Llibre |
| Idioma: | Undetermined |
| Publicat: |
París, Francia
Larousse
1936
|
| Matèries: | |
| Etiquetes: |
Afegir etiqueta
Sense etiquetes, Sigues el primer a etiquetar aquest registre!
|
MARC
| LEADER | 00000nam a2200000Ia 4500 | ||
|---|---|---|---|
| 008 | 170316s9999 xx 000 0 und d | ||
| 040 | |a cru BVZT | ||
| 090 | |a 840 S-12p | ||
| 100 | |a Sedaine |9 1080 | ||
| 245 | |a Le philosophe sans le savoir | ||
| 260 | |a París, Francia | ||
| 260 | |b Larousse | ||
| 260 | |c 1936 | ||
| 300 | |a 90 páginas | ||
| 650 | |a LITERATURA FRANCESA |9 109 | ||
| 999 | |c 7978 |d 7978 | ||
| 942 | |c 15 D |h 840 S-12p |2 z | ||
